000 00538nam a2200193Ia 4500
005 20250508160840.0
008 008 250505s9999 xx 000 0 eng d
037 _aTextual
040 _aFEDL
_beng
_cFEDL
041 _aeng
_2eng
084 _a301.4520942, JAM
_qFEDL
100 _aJames Alan G.
_9287298
245 0 _aSikh children in Britain
260 _aLondon, UK
_bOxford Univeristy Press
_c1974
300 _a117p.
650 _aSociology
942 _cTEXL
_h301.4520942, JAM
999 _c1366974
_d1366974